पंच परमेश्वर एवं अन्य कहानियां/ (Record no. 149651)
[ view plain ]
| 000 -LEADER | |
|---|---|
| fixed length control field | 00761nam a22001817a 4500 |
| 005 - DATE AND TIME OF LATEST TRANSACTION | |
| control field | 20240104150006.0 |
| 010 ## - LCCN (DPL NO) | |
| LC control number | HIN-126646 |
| 020 ## - INTERNATIONAL STANDARD BOOK NUMBER | |
| International Standard Book Number | 9789382908364 |
| Terms of availability | 350.00 |
| 035 ## - SYSTEM CONTROL NUMBER | |
| System control number | HN-98992 |
| 037 ## - SOURCE OF ACQUISITION | |
| Source of stock number/acquisition | DBAD/PUB |
| 082 ## - DEWEY DECIMAL CLASSIFICATION NUMBER | |
| Classification number | क |
| 100 ## - MAIN ENTRY--PERSONAL NAME | |
| Personal name | मुंशी प्रेमचन्द |
| 245 ## - TITLE STATEMENT | |
| Title | पंच परमेश्वर एवं अन्य कहानियां/ |
| Statement of responsibility, etc | मुंशी प्रेमचन्द |
| 260 ## - PUBLICATION, DISTRIBUTION, ETC. (IMPRINT) | |
| Place of publication, distribution, etc | जयपुर |
| Name of publisher, distributor, etc | पुलकित प्रकाशन |
| Date of publication, distribution, etc | 2021 |
| 270 ## - ADDRESS | |
| Address | बाणवालो का दरवाजा चौड़ा रास्ता |
| City | जयपुर |
| 300 ## - PHYSICAL DESCRIPTION | |
| Extent | 251पृ.; |
| Dimensions | 22 से.मी(सजिल्द) |
| 942 ## - ADDED ENTRY ELEMENTS (KOHA) | |
| Source of classification or shelving scheme | Dewey Decimal Classification |
| Item type | Hindi Books |
| Classification part | क |
| Call number suffix | मुंशीप्रे |
| Withdrawn status | Lost status | Not for loan | Collection code | Home library | Current library | Date acquired | Source of acquisition | Cost, normal purchase price | Full call number | Barcode | Copy number | Cost, replacement price | Koha item type |
|---|---|---|---|---|---|---|---|---|---|---|---|---|---|
| Fiction | Ashok Vihar | Ashok Vihar | 02/02/2018 | DBAD/PUB | 350.00 | क प्रेमच | HN-98992 | 1 | 350.00 | Hindi Books |
